Выбор принципиальной компоновочной схемы барабанных исполнительных органов разрушения забоя для геоходов; Горный информационно-аналитический бюллетень; № 11

Bibliografiska uppgifter
Parent link:Горный информационно-аналитический бюллетень: научно-технический журнал.— , 1992-
№ 11.— 2014.— [С. 141-143]
Institutionell upphovsman: Национальный исследовательский Томский политехнический университет Юргинский технологический институт (филиал) Кафедра горно-шахтного оборудования
Övriga upphovsmän: Ананьев К. А. Кирилл Алексеевич, Аксёнов В. В. Владимир Валерьевич, Хорешок А. А. Алексей Алексеевич, Ермаков А. Н. Александр Николаевич
Sammanfattning:Заглавие с экрана
Рассмотрены некоторые конструктивные параметры барабанных исполнительных органов разрушения забоя для геохода и произведена их оценка. Обоснована рациональная схема барабанного исполнительного органа геохода для проведения анализа и сравнения с другими типами исполнительных органов. Ключевые слова: геоход, проходческий комбайн, исполнительный орган, барабанный исполнительный орган.
Some mechanical parameters of drum cutters of geohod are observed. Their evaluation are given. Reasonable construction of geohod''s drum cutter head for analyses and comparison with other types is proved.
Режим доступа: по договору с организацией-держателем ресурса
Språk:ryska
Publicerad: 2014
Serie:Горные машины, оборудование и транспорт
Ämnen:
Länkar:http://elibrary.ru/item.asp?id=22477614
http://www.giab-online.ru/files/Data/2014/11/20_141-143_Ananev.pdf
Materialtyp: Elektronisk Bokavsnitt
KOHA link:https://koha.lib.tpu.ru/cgi-bin/koha/opac-detail.pl?biblionumber=647784

MARC

LEADER 00000naa0a2200000 4500
001 647784
005 20250217103556.0
035 |a (RuTPU)RU\TPU\network\12940 
035 |a RU\TPU\network\10086 
090 |a 647784 
100 |a 20160422d2014 k||y0rusy50 ca 
101 0 |a rus 
102 |a RU 
135 |a drnn ---uucaa 
181 0 |a i  
182 0 |a b 
200 1 |a Выбор принципиальной компоновочной схемы барабанных исполнительных органов разрушения забоя для геоходов  |d The choice of geohod’s drum cutter fundamental design  |f К. А. Ананьев [и др.] 
203 |a Текст  |c электронный 
225 1 |a Горные машины, оборудование и транспорт 
300 |a Заглавие с экрана 
320 |a [Библиогр.: с. 143 (1 назв.)] 
330 |a Рассмотрены некоторые конструктивные параметры барабанных исполнительных органов разрушения забоя для геохода и произведена их оценка. Обоснована рациональная схема барабанного исполнительного органа геохода для проведения анализа и сравнения с другими типами исполнительных органов. Ключевые слова: геоход, проходческий комбайн, исполнительный орган, барабанный исполнительный орган. 
330 |a Some mechanical parameters of drum cutters of geohod are observed. Their evaluation are given. Reasonable construction of geohod''s drum cutter head for analyses and comparison with other types is proved. 
333 |a Режим доступа: по договору с организацией-держателем ресурса 
337 |a Adobe Reader 
461 |t Горный информационно-аналитический бюллетень  |o научно-технический журнал  |d 1992- 
463 |t № 11  |v [С. 141-143]  |d 2014 
510 1 |a The choice of geohod’s drum cutter fundamental design  |z eng 
610 1 |a электронный ресурс 
610 1 |a труды учёных ТПУ 
610 1 |a геоходы 
610 1 |a проходческие комбайны 
610 1 |a исполнительные органы 
610 1 |a рациональные схемы 
610 1 |a забой 
701 1 |a Ананьев  |b К. А.  |g Кирилл Алексеевич 
701 1 |a Аксёнов  |b В. В.  |c горный инженер  |c профессор Юргинского технологического института (филиала) Томского политехнического университета, доктор технических наук  |f 1955-  |g Владимир Валерьевич  |3 (RuTPU)RU\TPU\pers\26165  |9 11974 
701 1 |a Хорешок  |b А. А.  |c геолог  |c профессор Юргинского технологического института Томского политехнического университета, доктор технических наук  |f 1951-  |g Алексей Алексеевич  |3 (RuTPU)RU\TPU\pers\31596  |9 15755 
701 1 |a Ермаков  |b А. Н.  |g Александр Николаевич 
712 0 2 |a Национальный исследовательский Томский политехнический университет  |b Юргинский технологический институт (филиал)  |b Кафедра горно-шахтного оборудования  |3 (RuTPU)RU\TPU\col\18984  |9 27288 
801 2 |a RU  |b 63413507  |c 20160422  |g RCR 
856 4 |u http://elibrary.ru/item.asp?id=22477614 
856 4 |u http://www.giab-online.ru/files/Data/2014/11/20_141-143_Ananev.pdf 
942 |c CF